000 00643nam a2200205Ii 4500
003 JO-AjNU
008 230605s9999||||xx |||||||||||||| ||und||
040 _aJO-AjNU
_bara
_erda
_cJO-AjNU
041 _aara
050 1 4 _aBP131.6 A44 1986
100 3 _aعثمان، عامر بن السيد,
_eauthor
_98215
245 0 0 _aكيف يتلى القرآن
250 _aط1
264 3 1 _aبيروت: دار ابن زيدون، 1986
300 _a85ص
336 _atext
_btxt
_2rdacontent
337 _aunmediated
_bn
_2rdamedia
338 _avolume
_bnc
_2rdacarrier
650 4 _aالقران - اداب حملة - القران - تجويد
_98216
999 _aA675
_c4243
_d4243